000 nam a22 7a 4500
999 _c232737
_d232737
003 Nust
005 20170223104518.0
008 170223b xxu||||| |||| 00| 0 eng d
040 _c0
050 _a363.7 NAW
082 _a363.7 NAW
100 _aNawaz,Khadija
245 _aDegradation Of A Fluoroquinolone Based Pharmaceutical Product By Photocatalysis Using Titania(TiO2) Nanotubes
_cKhadija Nawaz
260 _aIslamabad
_bIESE (SCEE) NUST
_c2013.
300 _a80 p.
_bHB.
440 _aMS Environmental Science
500 _aThesis MS ES
650 _aEnvironmental Science
700 _4Dr. Ishtiaq A Qazi (Supervisor)
942 _2ddc
_cTHE
_kIESE